Statistics for Anagram Challenge #2

Click here to take the quiz!

General Stats

  • This quiz has been taken 82 times
  • The average score is 19 of 30

Answer Stats

Hint Answer % Correct
Life's endDeath
95%
Arm jointElbow
92%
DetestedHated
92%
Tiny particleAtom
90%
Castle trenchMoat
89%
E=mc² guyEinstein
89%
IntestineBowel
83%
Exorcist's targetDemon
78%
Swiss cityGeneva
76%
Recent decadeNineties
71%
Kitchen garmentsAprons
71%
Mumps, flu etcDisease
71%
OceanfrontSeaside
70%
World, in FrenchMonde
70%
Devil worshippersSatanists
68%
Get evenAvenge
68%
Dubai-based airlineEmirates
62%
Casual eateryCafe
60%
Scratches the skinItches
59%
Stand up toFace
59%
Moral principlesEthics
57%
Aide, helperAssistant
56%
Mandarin orangeTangerine
51%
Conservative foeLiberal
46%
More talkativeChattier
43%
More like a saunaSteamier
43%
Tactile writingBraille
41%
Vicar, clergymanParson
40%
Mendoza native, egArgentine
37%
Stagy, affectedTheatric
16%

Score Distribution

Percentile by Number Answered

Percent of People with Each Score

Your Score History

You have not taken this quiz